| 000 | 01564nas a2200373 i 4500 | ||
|---|---|---|---|
| 001 | 627 | ||
| 003 | ES-MaACL | ||
| 005 | 20250822100003.0 | ||
| 007 | t| | ||
| 008 | 950801d18721872sp wr n 0 1 |spa d | ||
| 022 | _a2254-5743 | ||
| 080 | _a(460) | ||
| 080 | _a82-7 | ||
| 245 | 0 | 3 | _aLa Carcajada. |
| 246 | 3 | _aFlaca | |
| 260 |
_aBarcelona : _b[La Carcajada], _c1872 ( _fImp. de Luis Tasso) |
||
| 300 |
_av. : _bil. ; _c44 cm. |
||
| 310 | _aSemanal | ||
| 362 | 0 | _aAño 1, n. 1 (17 en. 1872)-t. 2, n. 37 (31 oct. 1872) | |
| 515 | _aLos n. 17 a 19 fueron censurados y se publicaron en su lugar ejemplares con diferentes cabeceras y numeración propia: La Risotada, n. 1 (1 jun. 1872)-n. 2 (6 jun.1872) y La Risa, n. 1 (15 jun. 1872) | ||
| 515 | _aLos n. 15 a 17 se publicaron en Madrid. | ||
| 530 | _aDisponible en formato digital. | ||
| 594 | _aDirector, Juan Vázquez. | ||
| 650 | 7 |
_aSátira _2embne _916997 |
|
| 700 | 1 |
_aVázquez, Juan. _9113366 |
|
| 780 | 0 | 0 |
_aLa Flaca (Barcelona, 1869), _xISSN 9969-7629 |
| 785 | 0 | 0 |
_aLa Flaca (Barcelona, 1872), _xISSN 9950-2763 |
| 852 | 4 |
_aES-MaACL _jR-2109 _z- Enc. con: La Flaca (1872-73). G-4093. |
|
| 856 | 4 |
_uhttp://prensahistorica.mcu.es/es/consulta/registro.cmd?id=6103 _zBiblioteca Virtual de Prensa Histórica |
|
| 856 | 4 |
_uhttp://mdc2.cbuc.cat/cdm/search/collection/carcajada _zMemòria Digital de Catalunya |
|
| 856 | 4 |
_uhttp://www.memoriademadrid.es/buscador.php?accion=VerFicha&id=274694&num_id=1&num_total=3 _zMemoriadeMadrid |
|
| 866 | 0 | _o1872 (falta n. 15) | |
| 999 |
_c627 _d627 |
||